=LDR 00000nam 2200000 4500 =001 NUTBA000000000004532 =005 20140916114106.0 =006 =007 =008 =020 ##$$a 978-979-29-2635-4 =035 ##$$0010-091400000000565 =040 ##$$a Ind =082 ##$$a 646.42 =090 ##$$a 646.42$bRas c =100 ##$$a Rasidi =245 ##$$a Crochet home devoration$bKreasi rajutan elegan untuk dekorasi rumah$cRasidi =250 ##$$a Ed.1 =260 ##$$a Yogyakarta$bAndi$c2011. =300 ##$$a 132 HLm$bIlus$c23 cm =850 ##$$a NBPNMAT =990 ##$$a 21303158 =990 ##$$a 0001/BPAP-NTB/20142014 =990 ##$$a 0001/BPAP-NTB/20142015